000 00652nam a2200181 a 4500
001 000024325
005 20200930022918.0
008 110126s2006 dr f000 0 spa d
040 _aDO-SdBNP
_bspa
_cBNPHU
082 _a342.729302
_bR426co, 2006
110 1 _aRepública Dominicana.
_tConstitución (2002)
_949901
245 1 0 _aConstitución de la República Dominicana :
_b(proclamada el 25 de julio del 2002).
260 _aSanto Domingo, :
_bSuprema Corte de Justicia,
_c2006.
300 _a116 p. ;
_c12 cm.
590 _aInventariado, 2018/MFF
651 4 _aRepública Dominicana
_xConstitución
_91008
910 _aValidado. Control de calidad MFF
999 _c23818
_d23818